000 00504nam a2200193Ia 4500
003 LK-CoDNM
008 010623t1957 xxu||||| |||| 00| 1 sin d
040 _aLK-CoDNM
_dLK-CoDNM
_eLK-CoDNM
041 _asin
080 _a891.3
_bBUD
100 _aRev.Buddadatta, Polwatte Sri
245 _aපාළි සාහිත්‍ය
246 _aPali Sahithyaya
260 _bAnanda book Company
_aColombo
_c1957
300 _b593, 18.5 cm
500 _aNo.2
650 _aPali Language
942 _cBK
999 _c104509
_d104509